MDQL
is popping MORE tags! Check the
thread
!
Quizzes
Events
Quiz Creation
Community
Videos
Private Events
Remove Ads
Sign In
Join for FREE
Feedback
Dark Mode
Quiz Categories
Sports
Geography
Music
Movies
Television
Just For Fun
Miscellaneous
History
Literature
Language
Science
Gaming
Entertainment
Religion
Holiday
For Kids
Quiz Lab
Recent
Popular Today
Quiz Kudos Today
Editor Picks
Curator Picks
Quizzes by...
Day
Popularity
Type
Ratings
Length
Year
Community
Subscriptions
Recent Discussions
Orange Saloon
Badges
Playlists
Quests
Create
Leaderboards
Showdown
Live 5
Trivia Bingo
Activity
Puzzle Library
Sporcle Events
Private Events
Virtual Trivia
Globe League
Become a Host
Pub Owners
SporcleCon
Opinionation
Our Games
Videos
Blog
Mobile Apps
Partnerships
Remove Ads and Go Orange
Feedback
Literature
Harry Potter
A Song of Ice and Fire
The Hunger Games
Literary Character
Shakespeare
Book
Author
Novel
Poem
Young Adult
Children's Books
Play
Lord of the Rings
Literature
Harry Potter
A Song of Ice and Fire
The Hunger Games
Literary Character
Shakespeare
Book
Author
Novel
Poem
Young Adult
Children's Books
Play
Lord of the Rings
Random Quiz
Search Sporcle
×
Quiz Lab
Quiz Lab
Literature
Harry Potter
Type in answers that appear in a list
Type in answers that appear in a list
Classic
Best Score? Go Orange.
Harry Potter Name Chain (Top 50 Mentioned Characters) Stats
Can you name the Top 50 Harry Potter Characters by Name Chain?
By
mmmoreos
10m
51 Questions
8,497 Plays
8,497 Plays
8,497 Plays
Comments
Comments
Give Quiz Kudos
Give Quiz Kudos
-
- Ratings
hide this ad
No Skip
Answers have to be entered in order without skipping
Answers have to be entered in order without skipping
Replay
Link that replays current quiz
Next Quiz
Link to next quiz in quiz playlist
You Got
0%
They Got
Avg Score
48%
Avg Friend Score
Upgrade to see
Score Distribution
Jump to the score distribution portion of the page
Score
0/51
Timer
10:00
0
Plays Today
Clue
Character
% Correct
?
???
100%
?
???
99.3%
?
???
95.8%
?
???
93.9%
?
???
92.4%
?
???
92.1%
?
???
92.1%
?
???
91.8%
?
???
89.8%
?
???
89.7%
?
???
84.5%
?
???
83.9%
?
???
81.1%
?
???
73%
?
???
62.5%
?
???
60.4%
?
???
60%
?
???
59.9%
?
???
59.8%
?
???
47.8%
?
???
45.6%
?
???
35.4%
?
???
35.3%
?
???
34.2%
?
???
34%
?
???
33.3%
Clue
Character
% Correct
?
???
33.2%
?
???
33.1%
?
???
33.1%
?
???
31.4%
?
???
31.3%
?
???
31.1%
?
???
31%
?
???
29.1%
?
???
27.8%
?
???
27.7%
?
???
27.6%
?
???
27.5%
?
???
27.3%
?
???
26.8%
?
???
26.7%
?
???
26.1%
?
???
25.5%
?
???
25.3%
?
???
25%
?
???
21.9%
?
???
16.8%
?
???
16.3%
?
???
13.3%
?
???
13.1%
?
???
12.6%
Quiz Playlist
Details
Report
Send in Message
Add To Playlist
Classic:
Type in answers that appear in a list
No Skip:
Answers have to be entered in order without skipping
Quiz Source
Last Updated: Feb 16, 2017
Quiz Scoreboard
CHALLENGE
Sign Up to Join the Scoreboard
Show All
Scores
Hide
Comments
May contain spoilers
Recently Published
Street Fighter Characters
by Artimus82
Gaming
60s
9x9 Crossword: Cartoon Network
by jackfrog10
Miscellaneous
3m
College Basketball Coaching Resumes
by pancakes188
Sports
9m
More to Explore
Quiz From the Vault
Featured Blog Post
Where Did the Easter Bunny Come From?
hide this ad
You Might Also Like...
Tags
Harry Potter Quiz
Chain Game
Top 50
Today's Top Quizzes in Literature
Browse Literature
hide this ad
Today's Top Quizzes in Harry Potter
Browse Harry Potter
Top Contributed Quizzes in Literature
1
Sneaky Slytherin Logic Puzzle
2
Get The Picture: Black or White Literature
3
5-to-1: Plays
4
A Court of Thorns and Roses (ACoTaR) Logic Puzzle
5
One Thing in Common: Literature
6
One Thing in Common: Literature II
7
One Thing in Common: Books
8
One Thing in Common: Literature 3
9
One Thing in Common: Books II
10
Literary Siblings Odd One Out III
Explore More
Trending Topics
Marvel
NBA
Crossword
Anime
Disney
Harry Potter
Kpop
Puzzle
Song
Country
NFL
Soccer
Pokémon
WWE
The Office
hide this ad
More By:
mmmoreos
Quiz
Plays
Rating
Category
Featured
Created
Figure out the Taylor Swift Song (No Hint)
9,199
4.00
Music
Aug 1, 2011
Harry Potter Name Chain (Top 50 Mentioned Characters)
8,497
3.38
Literature
Jul 31, 2011
Who said the Harry Potter Deathly Hallows Part 2 quote?
1,991
5.00
Literature
Aug 3, 2011
The Hunger Games Movie Quotes
888
4.75
Movies
Aug 27, 2012
Harry Potter Name Chain
842
2.75
Literature
Mar 17, 2011
Go to Creator's Profile
Score Distribution
Quiz Creator Spotlight
mmmoreos
Follow
Send a Message
Quizzes Created
-
Created Quiz Play Count
-
More By This Creator
Popular Quizzes Today
1
Find the US States - No Outlines Minefield
2
Find the Countries of Europe - No Outlines Minefield
3
The Countries of the World
4
Find the US States
5
Risky Map Clicking: Biggest States A-Z
6
US States
7
Popular People in 1961
8
Movies - When Are They Set?
More Literature Quizzes
Dr. Seuss Rhyme Time
Published
Trending Quizzes
Risky Map Clicking: Least Populous States A-Z
Countries of the World: 200 Million BC
1-10 Letter G Words
Risky Map Clicking: Next State Alphabetically
Adjectives in 80s TV Shows
Recently Updated
Leaping Animals
pecheneg
Reality TV Shows (A-Z)
bhenderson79
Rickey Henderson's Hall of Fame Teammates
pecheneg
Champions League XIs: Arsenal
pecheneg
Quick Pick: Celebrities in WWE's Hall of Fame
aduchscher
A-Z Keypad Blitz II
pecheneg
Multiple Oscar Actors
pecheneg
Mystery Phrase Blitz: Oscar 'Best Actors'
pecheneg
F. Scott Fitzgerald Novels
LTH
Pick 3 Villains
ddd62291
Trending Topics
Anime
Crossword
Disney
Kpop
NBA
Harry Potter
Marvel
Song
NFL
Pokémon
WWE
Puzzle
Soccer
Country
The Office
Your Account Isn't Verified!
In order to create a playlist on Sporcle, you need to verify the email address you used during registration. Go to your
Sporcle Settings
to finish the process.
Report this User
Report this user for behavior that violates our
Community Guidelines
.
Details:
Send Report
Go to the Sporcle.com Mobile Site →
Comments